Selbstbiographie nebst einer Sammlung von Briefen an ihn /

Bibliographic Details
Main Author: Halem, Gerhard Anton von, 1752-1819
Other Authors: Halem, Ludwig Wilhelm Christian von, 1758-1839, Strackerjan, Christian Friedrich, 1777-1848
Format: Book
Language:German
Published: Bern : Herbert Lang, 1970.

MARC

Tag First Indicator Second Indicator Subfields
LEADER 00000cam a2200000 4500
001 in00000307107
005 20151010140427.0
008 720308r1970 sz b 00000bger
010 |a  70548785  
015 |a Sw70-A-6291 
035 |a (OCoLC)00258706 
035 |9 ABH2070AM 
037 |c 100.00F 
040 |c CIN  |d TXA  |d UtOrBLW 
049 |a TXAM  |c [1339353] 
050 0 |a DD205.H313  |b A3 
100 1 |a Halem, Gerhard Anton von,  |d 1752-1819. 
245 1 0 |a Selbstbiographie nebst einer Sammlung von Briefen an ihn /  |c von Biester [u.a.] Zum Druck bearb. von Ludwig Wilhelm Christian v. Halem und hrsg. von C.F. Strackerjan. (Nachdruck der Ausg, der Schulzeschen Buchhandlung, Oldenburg 1840.). 
264 1 |a Bern :  |b Herbert Lang,  |c 1970. 
300 |a vi, 204, 215 pages :  |b frontispiece ;  |c 10 cm. 
336 |a text  |b txt  |2 rdacontent 
337 |a unmediated  |b n  |2 rdamedia 
338 |a volume  |b nc  |2 rdacarrier 
500 |a On spine: "1. und 2. Band." 
504 |a Includes bibliographical references. 
700 1 |a Halem, Ludwig Wilhelm Christian von,  |d 1758-1839. 
700 1 |a Strackerjan, Christian Friedrich,  |d 1777-1848. 
999 |a MARS 
999 f f |s 6fcb16e9-5c4b-321c-9e9d-0eb159f007ae  |i d3db603e-2486-3863-a689-00bcdd36987f  |t 0 
952 f f |p ric  |a Texas A&M University  |b Rellis Campus  |c Joint Library Facility  |d Remote Storage  |t 0  |e DD205.H313 A3  |h Library of Congress classification  |i unmediated -- volume  |m A14801972671 
998 f f |a DD205.H313 A3  |t 0  |l Remote Storage